Library Catalogue
St. Thomas' College (Autonomous),Thrissur

Frog and Toad Are Friends (Record no. 84050)

MARC details
000 -LEADER
fixed length control field 00365nam a2200157Ia 4500
003 - CONTROL NUMBER IDENTIFIER
control field STCL
008 - FIXED-LENGTH DATA ELEMENTS--GENERAL INFORMATION
fixed length control field 181203s9999 xx 000 0 und d
040 ## - CATALOGING SOURCE
Original cataloging agency STCL
Language of cataloging EN
Transcribing agency STCL
082 ## - DEWEY DECIMAL CLASSIFICATION NUMBER
Edition number 22
100 ## - MAIN ENTRY--PERSONAL NAME
Personal name Lobel, Arnold
245 #0 - TITLE STATEMENT
Title Frog and Toad Are Friends
260 ## - PUBLICATION, DISTRIBUTION, ETC. (IMPRINT)
Name of publisher, distributor, etc. Scholastic Book Services
Place of publication, distribution, etc. New York
300 ## - PHYSICAL DESCRIPTION
Extent 64
546 ## - LANGUAGE NOTE
Language note English
942 ## - ADDED ENTRY ELEMENTS (KOHA)
Source of classification or shelving scheme Dewey Decimal Classification
Koha item type Book
Holdings
Withdrawn status Lost status Source of classification or shelving scheme Damaged status Not for loan Home library Current library Shelving location Date acquired Total Checkouts Full call number Barcode Date last seen Date last checked out Price effective from Koha item type
    Dewey Decimal Classification     Santhome Athenaeum Santhome Athenaeum General Stacks 03/12/2018 2 813.54 LOB-F 91851 18/04/2023 23/03/2023 03/12/2018 Book
The Librarian
St. Thomas' College (Autonomous),
Thrissur - 680 001, Kerala, INDIA


Phone: +91 487 2420435    Ext: 1006   |    E-mail: stctlib@gmail.com    |    Web: http://stthomas.ac.in